00888nam a2200253 i 450000500170000000700030001700800410002002000150006104000350007604100080011108200210011910000330014024501130017325000220028626400560030830000480036433600270041233700330043933800280047260000370050065000310053765000310056870000350059920220316235531.0ta200425s1998 ck a gr 000 j spa d a9583005037 aCO-BoRNBPbspaerdacCO-BoRNBP0 aspa04a926.2 bV34L2231 aLozano, Pilard1951-eautora10aJosé María Villabel violinista de los puentes colgantescPilar Lozano ; ilustraciones, Cristina Salazar aPrimera edición 1aBogotá, ColombiabColcienciasbPanamericanac1998 a100 páginasbilustraciones a colorc26 cm atextobtxt2rdacontent asin mediaciónbn2rdamedia avolumenbnc2rdacarrier14aVilla, José Maríad1850-191317aLiteratura juvenil2ARMARC17aIngenieros civiles2ARMARC1 aSalazar, Cristinaeilustradora